| 000 | 00465nas a22001333 4500 | ||
|---|---|---|---|
| 008 | 201023b ||||| |||| 00| 0 eng d | ||
| 082 |
_a909 _bKEE |
||
| 245 | 0 | 0 |
_aKeesing's contemporary archives. weekly diary of world events _bwith index continually kept up to date 1959-1960 |
| 250 | _aVolume Xii | ||
| 260 |
_aLondon;. _bKeesing's publication limited. _c1961. |
||
| 300 | _a13969p-15284p. | ||
| 526 |
_a0 _b0 _c0 _d909_000000000000000_KEE |
||
| 942 |
_2ddc _cBK _2ddc |
||
| 999 |
_c554339 _d554339 |
||